[Event "Tri-Cities Open"]
[Site "Richland, WA"]
[Date "2013.11.10"]
[Round "4"]
[White "Evered Cole  (OR)"]
[Black "Shoemaker Donald  (WA)"]
[Result "0-1"]
[WhiteElo "1255"]
[BlackElo "1419"]
[Annotator ""]
[Source ""]
[Remark ""]

1.e4 e5 2.Nf3 Nc6 3.Bc4 Nf6 4.d3 Bd6 5.Nc3 a6 6.a3 Nd4 7.Be3
Nxf3+ 8.Qxf3 O-O 9.O-O b6 10.Bg5 Be7 11.Rad1 d6 12.h3 Be6 13.Bxe6
fxe6 14.Ne2 Nd7 15.Be3 {??} ( 15.Bxe7 ) Rxf3 16.gxf3 Bh4 17.Kh1
Qf6 18.f4 exf4 19.Nxf4 e5 20.Nd5 Qf3+ 21.Kh2 Kh8 22.Rd2 Rf8 23.Rg1
Qf7 24.d4 Nf6 25.c4 Nxd5 26.exd5 Bf6 27.Rg2 c6 28.dxe5 Bxe5+
29.Kg1 cxd5 30.cxd5 b5 31.b4 Rc8 32.Rd1 g6 33.Rg4 Qf3 34.Rh4
Qxd1+ 35.Kg2 Qxd5+ 36.f3 Rc2+ 37.Bf2 Qd2 38.Kh1 Qxf2 39.Rg4 Qh2# 0-1

[Event "Tri-Cities Open"]
[Site "Richland, WA"]
[Date "2013.11.10"]
[Round "5"]
[White "Erickson Mark  (WA)"]
[Black "Hosford Michael  (WA)"]
[Result "1/2-1/2"]
[WhiteElo "2147"]
[BlackElo "1880"]
[Annotator ""]
[Source ""]
[Remark ""]

1.d4 Nf6 2.c4 Nc6 3.Nc3 e5 4.d5 Ne7 5.e4 Ng6 6.Be3 Bb4 7.f3 O-O
8.Nge2 d6 9.Qd2 Nd7 10.Rc1 a6 11.g3 Nc5 12.Bg2 f5 13.O-O Qe8
14.Qc2 f4 15.Bf2 Nd7 16.a3 Bc5 17.Na4 Bxf2+ 18.Rxf2 Nf6 19.b4
Bd7 20.Nb2 Qe7 21.c5 Rac8 22.Qd3 Bb5 23.Qb3 Bxe2 24.Rxe2 fxg3
25.hxg3 Nh5 26.Bh3 Nxg3 1/2-1/2

[Event "Tri-Cities Open"]
[Site "Richland, WA"]
[Date "2013.11.10"]
[Round "4"]
[White "Richards Jerrold  (WA)"]
[Black "Falbo Clement  (OR)"]
[Result "1/2-1/2"]
[WhiteElo "1306"]
[BlackElo "1500"]
[Annotator ""]
[Source ""]
[Remark ""]

1.c4 e5 2.g3 Nf6 3.Bg2 Nc6 4.Nc3 Bb4 5.Nd5 Bc5 6.d3 Nxd5 7.Bxd5
Qf6 8.e3 O-O 9.Qf3 Bb4+ 10.Bd2 Bxd2+ 11.Kxd2 Qxf3 12.Nxf3 d6
13.Ng5 Nd8 14.f4 c6 15.Be4 g6 16.fxe5 dxe5 17.h4 Ne6 18.b4 Nxg5
19.hxg5 Be6 20.Rh6 Kg7 21.Rah1 Rh8 22.Kc3 Rad8 23.R6h4 Rd6 24.c5
Rd7 25.a3 Bd5 26.Rf1 h6 27.gxh6+ Rxh6 28.Rxh6 Kxh6 29.Bxd5 cxd5
30.Rf6 Kg5 31.Rd6 d4+ 32.exd4 exd4+ 33.Rxd4 Rxd4 34.Kxd4 Kf6
35.Ke4 Ke6 36.b5 f5+ 37.Kf4 Kd5 38.c6 bxc6 39.bxc6 Kxc6 40.d4
Kd5 41.Kg5 Kxd4 42.Kxg6 Ke4 43.Kg5 Ke5 44.Kg6 a6 45.Kf7 Ke4 46.Kf6
Kf3 47.Kxf5 Kxg3 48.Ke4 Kg4 49.a4 a5 50.Kd4 Kf4 51.Kd5 Kf5 52.Kc6
Ke6 53.Kc7 Ke7 54.Kb6 Kd6 55.Kxa5 Kc7 56.Kb5 Kb7 57.Kb4 Ka6 58.a5
Ka7 59.Kb5 Kb7 60.a6+ Ka7 1/2-1/2

[Event "Tri-Cities Open"]
[Site "Richland, WA"]
[Date "2013.11.10"]
[Round "5"]
[White "Sinanan Joshua  (WA)"]
[Black "Bragg David  (WA)"]
[Result "0-1"]
[WhiteElo "2256"]
[BlackElo "2200"]
[Annotator ""]
[Source ""]
[Remark ""]

1.d4 Nf6 2.c4 c5 3.d5 b5 4.cxb5 a6 5.bxa6 Bxa6 6.Nc3 d6 7.e4
g6 8.Bxa6 Nxa6 9.Nge2 Bg7 10.O-O O-O 11.Ng3 Qb6 12.Qe2 Rfb8 13.f4
Nb4 14.Rd1 Qa6 15.Rd2 Nd7 16.Qxa6 Rxa6 17.Nge2 c4 18.a3 Nd3 19.Rc2
Ne1 20.Rd2 Nc5 21.Rd1 Ned3 22.Ra2 Rb3 23.Be3 Nxb2 24.Rc1 Nca4
25.Bd2 Nd3 26.Rcc2 Nxc3 0-1

[Event "Tri-Cities Open"]
[Site "Richland, WA"]
[Date "2013.11.10"]
[Round "5"]
[White "Mitchell Mika  (WA)"]
[Black "Falbo Clement  (OR)"]
[Result "1-0"]
[WhiteElo "1820"]
[BlackElo "1500"]
[Annotator ""]
[Source ""]
[Remark ""]

1.e4 c5 2.Nc3 Nc6 3.f4 e6 4.Bb5 Be7 5.Nf3 Qc7 6.d3 a6 7.Bxc6
dxc6 8.e5 Bd7 9.O-O O-O-O 10.Qe2 Nh6 11.Be3 b6 12.a3 Nf5 13.Bf2
h5 14.d4 cxd4 15.Nxd4 Bc5 16.Qxa6+ Qb7 17.Qxb7+ Kxb7 18.Rfd1
Bxd4 19.Bxd4 Nxd4 20.Rxd4 c5 21.Rd6 Bc6 22.Rad1 Kc7 23.Kf2 Rd7
24.Rxd7+ Bxd7 25.Ne4 Rd8 26.Nd6 Bc6 27.Rd2 Rd7 28.c4 Rd8 29.Ke3
f6 30.g3 fxe5 31.fxe5 Rf8 32.Rf2 Rxf2 33.Kxf2 Bd7 34.Ke3 Kd8
35.Kf4 g6 36.Kg5 1-0

[Event "Tri-Cities Open"]
[Site "Richland, WA"]
[Date "2013.11.10"]
[Round "5"]
[White "Mathews Dan  (WA)"]
[Black "Julian John  (WA)"]
[Result "0-1"]
[WhiteElo "1750"]
[BlackElo "2065"]
[Annotator ""]
[Source ""]
[Remark ""]

1.e4 e6 2.d4 d5 3.exd5 exd5 4.c4 Bb4+ 5.Bd2 Qe7+ 6.Qe2 Bxd2+
7.Nxd2 Nc6 8.Qxe7+ ( 8.Ngf3 Nb4 9.Qxe7+ Nxe7 10.Kd1 Bf5 11.a3
Nbc6 12.c5 O-O 13.h3 a6 14.Nb3 Be4 15.Kd2 Nf5 16.Kc3 Bxf3 17.gxf3
Rfe8 18.Bd3 Nh4 19.Nd2 Ng2 20.Rhg1 Nf4 21.Rg4 Ne2+ 22.Bxe2 Rxe2
23.Rag1 g6 24.R4g2 Nxd4 25.Kxd4 Rxd2+ 26.Kc3 Re2 27.f4 Rae8 28.f5
R8e4 29.b3 Rf4 30.fxg6 hxg6 31.Rg5 Rf3+ {0-1, Maldonado Joaquin (ARG) 2001 - Agnello Silvana (ARG), Buenos Aires (Argentina) 2002}
) Ngxe7 9.Ngf3 Nb4 10.O-O-O Nxa2+ 11.Kb1 Nb4 12.cxd5 Bf5+ 13.Ka1
O-O-O 14.Bc4 h5 15.Ne5 b5 16.Bb3 Rh6 17.Nb1 Ra6+ 18.Na3 Nbxd5 0-1

[Event "Tri-Cities Open"]
[Site "Richland, WA"]
[Date "2013.11.09"]
[Round "2"]
[White "Sinanan Joshua  (WA)"]
[Black "Mitchell Mika  (WA)"]
[Result "1-0"]
[WhiteElo "2256"]
[BlackElo "1820"]
[Annotator ""]
[Source ""]
[Remark ""]

1.d4 d5 2.c4 Nc6 3.Nc3 dxc4 4.Nf3 Bg4 5.d5 Bxf3 6.gxf3 Ne5 7.Qd4
Ng6 8.Qxc4 a6 9.f4 Nf6 10.e4 Nd7 11.Be3 Nb6 12.Bxb6 cxb6 13.Qa4+ 1-0

[Event "Tri-Cities Open"]
[Site "Richland, WA"]
[Date "2013.11.10"]
[Round "5"]
[White "Shoemaker Donald  (WA)"]
[Black "Fabian Steve  (WA)"]
[Result "0-1"]
[WhiteElo "1419"]
[BlackElo "1769"]
[Annotator ""]
[Source ""]
[Remark ""]

1.e4 c5 2.Nc3 e6 3.Nf3 a6 4.d4 cxd4 5.Nxd4 Qb6 6.Be2 Nc6 7.Nxc6
Qxc6 8.a3 b5 9.Be3 Bb7 10.Bf3 d6 11.O-O Ne7 12.Qe2
( 12.Qd4 Qd7 13.Rae1 Nc6 14.Qd1 Be7 15.g3 O-O 16.Bg2 Na5 17.Bc1
Qc7 18.Re3 Nc4 19.Rd3 Rfd8 20.f4 Bf6 21.g4 d5 22.e5 Be7 23.Rh3
Rac8 24.g5 g6 25.Qe1 Qb6+ 26.Kh1 d4 27.Ne4 Ne3 28.Bxe3 dxe3 29.Rxh7
Kxh7 30.Qh4+ Kg8 31.Nf6+ Bxf6 32.gxf6 Bxg2+ 33.Kxg2 Rxc2+ 34.Kf3
Qc6+ {0-1, Riedler Oswald - Ost-Hansen Jacob (DEN) 2416, Graz (Austria) 1972}
) Ng6 13.g3 Be7 14.Rfd1 O-O 15.Bd4 Rac8 16.Bh5 f5 17.f3 Bf6 18.Bxf6
Rxf6 19.Bxg6 hxg6 20.Rd4 a5 21.Rad1 b4 22.axb4 axb4 23.Rxd6 Qc5+
24.Kg2 bxc3 25.bxc3 fxe4 26.fxe4 Rcf8 27.Kh3 Qe5 28.R6d4 Rf3
29.Kg2 Rf2+ 30.Qxf2 Bxe4+ 31.Kg1 Rxf2 32.Kxf2 Qf5+ 33.Ke1 e5
34.Rd8+ Kh7 35.R1d2 Qf3 36.Rf2 Qxc3+ 37.Rdd2 Bxc2 38.Ke2 e4 39.Kf1
Bd3+ 40.Rxd3 exd3 41.Rf3 Qc2 42.g4 d2 43.Rh3+ Kg8 0-1

[Event "Tri-Cities Open"]
[Site "Richland, WA"]
[Date "2013.11.10"]
[Round "4"]
[White "Bragg David  (WA)"]
[Black "Erickson Mark  (WA)"]
[Result "1/2-1/2"]
[WhiteElo "2200"]
[BlackElo "2147"]
[Annotator ""]
[Source ""]
[Remark ""]

1.d4 d5 2.Nf3 Bf5 3.g3 e6 4.Bg2 Bd6 5.O-O Nd7 6.Nbd2 Ngf6 7.c4
c6 8.Nh4 Bg6 9.Nxg6 hxg6 10.Re1 Qa5 11.cxd5 exd5 12.e4 dxe4 13.Nc4
Qd5 14.Bxe4 Nxe4 15.Nxd6+ Qxd6 16.Rxe4+ Kf8 17.Qb3 Nb6 18.Bf4
Qd7 19.Rae1 Nd5 20.Bd2 a5 21.a4 b6 22.Qa3+ Kg8 23.Qf3 Qf5 24.Qg2
Rd8 25.g4 Qd7 26.g5 1/2-1/2

[Event "Tri-Cities Open"]
[Site "Richland, WA"]
[Date "2013.11.10"]
[Round "4"]
[White "Sinanan Joshua  (WA)"]
[Black "Julian John  (WA)"]
[Result "1-0"]
[WhiteElo "2256"]
[BlackElo "2065"]
[Annotator ""]
[Source ""]
[Remark ""]

1.Nf3 c5 2.e4 Nf6 3.e5 Nd5 4.Nc3 e6 5.Nxd5 exd5 6.d4 Nc6 7.dxc5
Bxc5 8.Qxd5 Qb6 9.Bc4 Bxf2+ 10.Ke2 O-O 11.Ng5 Nb4 12.Qf3 d5 13.exd6
Be6 14.Bxe6 fxe6 15.Qe4 Qb5+ 16.c4 Qf5 17.Qxf5 Rxf5 18.g4 Rff8
19.d7 Bb6 20.Be3 Bxe3 21.Kxe3 Nc2+ 22.Ke4 Nxa1 23.Rxa1 Rad8 24.Rd1
Rf2 25.Nxe6 Re2+ 26.Kf5 g6+ 27.Kf6 Rf2+ 28.Ke7 1-0

[Event "Tri-Cities Open"]
[Site "Richland, WA"]
[Date "2013.11.09"]
[Round "1"]
[White "Mathews Dan  (WA)"]
[Black "Sinanan Joshua  (WA)"]
[Result "0-1"]
[WhiteElo "1750"]
[BlackElo "2256"]
[Annotator ""]
[Source ""]
[Remark ""]

1.Nf3 c5 2.g3 d5 3.Bg2 g6 4.d4 Bg7 5.O-O cxd4 6.Nxd4 Nf6 7.Nc3
O-O 8.f4 Nc6 9.Nxc6 bxc6 10.e4 Qb6+ 11.Kh1 Rd8 12.exd5 cxd5 13.Bf3
Bb7 14.Qe1 d4 15.Nd1 Rac8 16.c3 Nd5 17.Bd2 dxc3 18.bxc3 Nb4 19.cxb4
Bxf3+ 20.Rxf3 Qb7 21.Rb1 Qxf3+ 22.Kg1 Rc2 23.Rb3 Bd4+ 24.Ne3
Bb6 0-1

[Event "Tri-Cities Open"]
[Site "Richland, WA"]
[Date "2013.11.09"]
[Round "3"]
[White "Shoemaker Donald  (WA)"]
[Black "Richards Jerrold  (WA)"]
[Result "1-0"]
[WhiteElo "1419"]
[BlackElo "1306"]
[Annotator ""]
[Source ""]
[Remark ""]

1.e4 e6 2.Nc3 g6 3.Nf3 Bg7 4.d4 d6 5.Bb5+ c6 6.Ba4 b5 7.Bb3 Ba6
8.a3 Bh6 9.Bxh6 Nxh6 10.h3 Nd7 11.Qd2 Ng8 12.O-O-O Qf6 13.Kb1
Qg7 14.g4 Ne7 15.Rhe1 O-O 16.Qe3 Rab8 17.h4 b4 18.axb4 Rxb4 19.g5
d5 20.exd5 Nf5 21.Qf4 cxd5 22.Qc7 Rb7 23.Qf4 Rfb8 24.h5 Bc4 25.hxg6
fxg6 26.Rxe6 Bxb3 27.cxb3 Rxb3 28.Kc1 R3b4 29.Rde1 Rf8 30.Nxd5
Nxd4 31.Nf6+ Nxf6 32.Qd6 Nb3+ 33.Kb1 Qb7 34.Rxf6 Nd2+ 35.Qxd2
Rb8 36.Re2 a5 37.Rfe6 Qxf3 38.Re8+ Rxe8 39.Rxe8+ Kg7 40.Re7+
Kg8 41.Qd8+ Qf8 42.Qd5+ Kh8 43.Qe5+ Kg8 44.Re8 Rf4 45.Rxf8+ Rxf8
46.f4 Rf5 47.Qd6 Kg7 48.Kc2 Kg8 49.Kd3 Kg7 50.Ke4 Kf7 51.Qd7+
Kg8 52.Qxf5 gxf5+ 53.Kxf5 Kg7 54.b3 Kf7 55.Ke5 Kg6 56.Ke6 Kg7
57.f5 Kg8 58.Ke7 h5 59.gxh6 Kh7 60.f6 Kg8 61.f7+ Kh7 62.f8Q 1-0

[Event "Tri-Cities Open"]
[Site "Richland, WA"]
[Date "2013.11.10"]
[Round "5"]
[White "Estolas Brendyn  (CA)"]
[Black "Beverly Jacob  (OR)"]
[Result "1-0"]
[WhiteElo "1901"]
[BlackElo "1432"]
[Annotator ""]
[Source ""]
[Remark ""]

1.d4 d5 2.Nf3 Nf6 3.Bf4 e6 4.c4 Bb4+ 5.Nc3 Ne4 6.Qb3 Nc6 7.e3
h5 8.cxd5 Qxd5 9.Bc4 Qa5 10.Rc1 g5 11.Be5 Nxe5 12.Nxe5 O-O 13.Qc2
f5 14.O-O Bxc3 15.bxc3 b5 16.Bb3 Rf6 17.f3 Nd6 18.g4 hxg4 19.fxg4
Kg7 20.gxf5 exf5 21.Qg2 Ne4 22.Bd5 g4 23.Bxa8 Qa6 24.Bxe4 fxe4
25.Rxf6 Qxf6 26.Nxg4 Qh4 27.Ne5+ Kf6 28.Rf1+ Ke7 29.Ng6+ Kd6
30.Nxh4 a5 31.Qxe4 b4 32.Rf6+ Kd7 33.Qe6+ Kd8 34.Rf8# 1-0

[Event "Tri-Cities Open"]
[Site "Richland, WA"]
[Date "2013.11.10"]
[Round "5"]
[White "Cherepakhin Olga  (WA)"]
[Black "Allen Robert  (WA)"]
[Result "1-0"]
[WhiteElo "1599"]
[BlackElo "1752"]
[Annotator ""]
[Source ""]
[Remark ""]

1.e4 c5 2.Nc3 Nc6 3.f4 g6 4.Bb5 Bg7 5.Bxc6 bxc6 6.Nf3 d6 7.O-O
Nf6 8.d3 O-O 9.Qe1 h6 10.Qh4 Qd7 11.f5 gxf5 12.Bxh6 fxe4 13.Bxg7
Kxg7 14.Qg5+ Kh7 15.Nxe4 Nxe4 16.Qh4+ Kg7 17.Qxe4 d5 18.Qe5+
f6 19.Qg3+ Qg4 20.Rae1 e5 21.Qxg4+ Bxg4 22.h3 Be6 23.d4 e4 24.dxc5
Rae8 25.Nd4 Bd7 26.b4 Re5 27.a4 a6 28.Rb1 Rg5 29.g4 f5 30.b5
axb5 31.axb5 cxb5 32.c6 Bc8 33.Rxb5 Ba6 34.Ne6+ Kf6 35.Nxf8 Bxb5
36.c7 Ba6 37.Ra1 Bc8 38.Nh7+ 1-0

[Event "Tri-Cities Open"]
[Site "Richland, WA"]
[Date "2013.11.09"]
[Round "1"]
[White "Bragg David  (WA)"]
[Black "Cherepakhin Olga  (WA)"]
[Result "1-0"]
[WhiteElo "2200"]
[BlackElo "1599"]
[Annotator ""]
[Source ""]
[Remark ""]

1.d4 d5 2.Nc3 Nf6 3.Bg5 Nbd7 4.f3 h6 5.Bh4 c6 6.Qd2 g5 7.Bg3
Bg7 8.O-O-O Nb6 9.e4 dxe4 10.fxe4 Bg4 11.Nf3 Rc8 12.h3 Bh5 13.Kb1
Bg6 14.Qe3 e6 15.Ne5 Bh7 16.h4 Nh5 17.Bf2 Nf4 18.hxg5 hxg5 19.Qf3
Bxe5 20.dxe5 Qc7 21.Bc5 Nd7 22.Bd6 Qa5 23.Qg3 Qd8 24.Rh6 Ng6
25.Qh2 Ngf8 26.Bxf8 Rxf8 27.Rxh7 Qa5 28.Rg7 Qxe5 29.Qxe5 Nxe5
30.Rxg5 f6 31.Rg7 Rh8 32.Rxb7 Ng4 33.Be2 Ne3 34.Rg1 Rd8 35.Kc1
Rg8 36.Bh5+ Kf8 37.Rf7+ Ke8 38.Rxa7+ Kf8 39.Rf7+ Ke8 40.Rg7+
Kf8 41.Rxg8+ Kxg8 42.b3 f5 43.Re1 Nxg2 44.Rg1 Kf8 45.Rxg2 fxe4
46.Nxe4 Rd4 47.Rf2+ Ke7 48.Rf7+ Kd8 49.Nc5 Rh4 50.Nxe6+ Ke8 51.Rh7+
Rxh5 52.Rxh5 1-0

[Event "Tri-Cities Open"]
[Site "Richland, WA"]
[Date "2013.11.09"]
[Round "1"]
[White "Falbo Clement  (OR)"]
[Black "Erickson Mark  (WA)"]
[Result "0-1"]
[WhiteElo "1500"]
[BlackElo "2147"]
[Annotator ""]
[Source ""]
[Remark ""]

1.c4 c5 2.Nc3 Nf6 3.g3 d5 4.cxd5 Nxd5 5.Bg2 Nc7 6.Nf3 Nc6 7.O-O
e5 8.d3 Be7 9.a3 O-O 10.Bd2 Be6 11.Be3 Qd7 12.Qd2 Rab8 13.Ne4
b6 14.Nfg5 Bf5 15.Rad1 Nd4 16.Nf3 Nc6 17.Bg5 f6 18.Be3 Rfe8 19.Nh4
Bg4 20.f3 Bh5 21.g4 Bf7 22.Nf5 Ne6 23.Nxe7+ Rxe7 24.Bh6 Kh8 25.Be3
Rd8 26.h3 a5 27.f4 exf4 28.Bxf4 Nxf4 29.Qxf4 Bd5 30.Nc3 Bxg2
31.Kxg2 Nd4 32.Rf2 Rde8 33.Ne4 Qc6 34.Kf1 Re5 35.g5 Ne6 36.Qf3
Nd4 37.Qf4 Rxg5 38.Nxg5 Qh1# 0-1

[Event "Tri-Cities Open"]
[Site "Richland, WA"]
[Date "2013.11.09"]
[Round "1"]
[White "Richards Jerrold  (WA)"]
[Black "Havrilla Mark  (ID)"]
[Result "0-1"]
[WhiteElo "1306"]
[BlackElo "1946"]
[Annotator ""]
[Source ""]
[Remark ""]

1.c4 e5 2.g3 Nf6 3.Bg2 h6 4.d3 Bb4+ 5.Bd2 Bxd2+ 6.Nxd2 O-O 7.Ngf3
Re8 8.Qb3 c6 9.O-O d5 10.e3 Qa5 11.Rad1 Na6 12.cxd5 cxd5 13.d4
e4 14.Ne5 Re6 15.a3 Rb6 16.Qc2 Be6 17.Rc1 Rc8 18.Nb3 Rxc2 19.Nxa5
Rcxb2 20.f4 exf3 21.Bxf3 R2b5 22.Nxb7 Rxb7 23.Nc6 Rc7 24.Be2
Rb6 25.Nd8 Rxc1 26.Rxc1 Bf5 27.g4 Nxg4 28.Bxg4 Bxg4 29.Nc6 Rb7
30.Na5 Rc7 31.Rb1 Bf5 32.Rb5 Be4 33.Nb3 Rc3 34.Nc5 Nxc5 35.dxc5
Kh7 36.Ra5 g5 37.Rxa7 Rxe3 38.Rxf7+ Kg6 39.Ra7 Re2 40.h4 gxh4
41.a4 h3 {   Can't guarantee the last five move pairs.  Legibility hit a low on both scoresheets simultaneously.}
 0-1

[Event "Tri-Cities Open"]
[Site "Richland, WA"]
[Date "2013.11.09"]
[Round "2"]
[White "Cherepakhin Olga  (WA)"]
[Black "Peterson Rory  (WA)"]
[Result "1-0"]
[WhiteElo "1599"]
[BlackElo "1218"]
[Annotator ""]
[Source ""]
[Remark ""]

1.e4 g6 2.d4 d6 3.Nf3 Bg7 4.Nc3 c6 5.Bc4 e6 6.O-O Ne7 7.Be3 b5
8.Bb3 Qc7 9.a4 b4 10.Ne2 d5 11.e5 O-O 12.c4 bxc3 13.Nxc3 Nf5
14.Bg5 Nd7 15.Bc2 c5 16.Bxf5 exf5 17.Nxd5 Qd8 18.Bxd8 Rxd8 19.dxc5
Bb7 20.Ne7+ Kf8 21.c6 Kxe7 22.Qd6+ Ke8 23.cxb7 Rab8 24.Qc7 Kf8
25.Rad1 Ke8 26.Rxd7 Rxd7 27.Qxb8+ Ke7 28.Qc8 Rd8 29.Qxd8+ Kxd8
30.b8Q+ 1-0

[Event "Tri-Cities Open"]
[Site "Richland, WA"]
[Date "2013.11.09"]
[Round "1"]
[White "Mitchell Mika  (WA)"]
[Black "Ortolano Alden  (WA)"]
[Result "1-0"]
[WhiteElo "1842"]
[BlackElo "972"]
[Annotator ""]
[Source ""]
[Remark ""]

1.e4 c5 2.Nc3 Nc6 3.f4 d6 4.Nf3 Nf6 5.Bb5 Bg4 6.Bxc6+ bxc6 7.d3
g6 8.h3 Bd7 9.O-O Bg7 10.Qe1 O-O 11.Qh4 Rb8 12.f5 h5 13.g4 e6
14.Rb1 exf5 15.gxf5 gxf5 16.Bg5 Qe7 17.Ne2 Qe6 18.Nf4 Qe7 19.Nxh5
Nxh5 20.Bxe7 Rfe8 21.Bxd6 Rxb2 22.Rxb2 Bxb2 23.Qxh5 Re6 24.Ng5
Bd4+ 25.Kh1 Rxd6 26.Qxf7+ Kh8 27.Qh7# 1-0

[Event "Tri-Cities Open"]
[Site "Richland, WA"]
[Date "2013.11.09"]
[Round "3"]
[White "Falbo Clement  (OR)"]
[Black "Peterson Rory  (WA)"]
[Result "1/2-1/2"]
[WhiteElo "1500"]
[BlackElo "1218"]
[Annotator ""]
[Source ""]
[Remark ""]

1.c4 e5 2.Nc3 Nc6 3.Nf3 d6 4.g3 Be6 5.d3 Nf6 6.Bg2 h6 7.O-O Rb8
8.a3 a5 9.Bd2 d5 10.cxd5 Nxd5 11.Rc1 Nxc3 12.Bxc3 Bd6 13.Qa4
b5 14.Qc2 a4 15.Bd2 Nd4 16.Nxd4 exd4 17.Bc6+ Bd7 18.Bxd7+ Qxd7
19.Qc6 Qxc6 20.Rxc6 Kd7 21.Rfc1 Rb6 22.Rxb6 cxb6 23.e3 Bc5 24.exd4
Bxd4 25.Rc2 Rc8 26.Rxc8 Kxc8 27.Bc3 Bxc3 28.bxc3 Kd7 29.f4 f5
30.Kf2 Kd6 31.Ke3 Kd5 32.h3 h5 33.Kf3 g6 34.Ke3 Kc5 35.Kd2 Kd5 1/2-1/2

[Event "Tri-Cities Open"]
[Site "Richland, WA"]
[Date "2013.11.09"]
[Round "1"]
[White "Julian John  (WA)"]
[Black "Beverly Jacob  (OR)"]
[Result "1-0"]
[WhiteElo "2065"]
[BlackElo "1432"]
[Annotator ""]
[Source ""]
[Remark ""]

1.e4 c5 2.Nf3 Nc6 3.Bb5 e6 4.Bxc6 bxc6 5.c4 d5 6.cxd5 cxd5 7.exd5
exd5 8.O-O Nf6 9.Re1+ Be7 10.Qe2 h6 11.d4 Be6 12.Ne5 cxd4 13.Ng6
fxg6 14.Qxe6 Qd7 15.Qe5 Rc8 16.Nd2 Rc7 17.Nf3 O-O 18.Qg3 Kh7
19.Ne5 Qe8 20.Nxg6 Qc8 21.Nxe7 Qb7 22.Qd3+ Ne4 23.Nxd5 Qxd5 24.Qxe4+
Qxe4 25.Rxe4 Rfc8 26.Bf4 Rd7 27.Re2 d3 28.Rd2 g5 29.Be3 a6 30.Rad1
Rb7 31.Bd4 Rd8 32.Rxd3 Rbd7 33.Kf1 Kg6 34.Ke2 Kf5 35.Be3 Rxd3
36.Rxd3 Rc8 37.b4 Rc4 38.Bc5 a5 39.a3 h5 40.Rd5+ Kg6 41.bxa5
g4 42.a6 Ra4 43.a7 Kf7 44.Rd8 h4 45.a8Q Rxa8 46.Rxa8 g3 47.hxg3
hxg3 48.fxg3 Ke6 49.Rd8 Ke5 50.Ke3 Kf5 51.Rd5+ Ke6 52.Ke4 Kf6
53.Re5 Kf7 54.Kf5 Kg7 55.Re6 Kh7 56.Re7+ Kh6 57.Be3+ Kh5 58.Rh7# 1-0

[Event "Tri-Cities Open"]
[Site "Richland, WA"]
[Date "2013.11.09"]
[Round "1"]
[White "Estolas Brendyn  (CA)"]
[Black "Evered Cole  (OR)"]
[Result "0-1"]
[WhiteElo "1901"]
[BlackElo "1255"]
[Annotator ""]
[Source ""]
[Remark ""]

1.d4 d5 2.Nf3 c6 3.Bf4 Bf5 4.e3 e6 5.c4 b6 6.Nc3 Nf6 7.Qa4 Bd6
8.Bxd6 Qxd6 9.Nh4 O-O 10.cxd5 Nxd5 11.Nxf5 exf5 12.Bd3 g6 13.Nxd5
cxd5 14.O-O Nc6 15.Rac1 Rac8 16.Ba6 Rc7 17.Rc2 Nb8 18.Rfc1 Rxc2
19.Rxc2 Nxa6 20.Qxa6 Qb4 21.g3 f4 22.gxf4 Qe7 23.Qe2 Kh8 24.Qf3
Qe6 25.b4 a6 26.f5 gxf5 27.Qf4 Rg8+ 28.Kh1 Qe4+ 29.Qxe4 fxe4
30.Rc6 Rg6 31.Rc8+ Kg7 32.Rd8 Rg5 33.Rd6 Rf5 34.Rxb6 Rxf2 35.Rxa6
Rf3 36.Ra3 f5 37.Rb3 f4 38.exf4 e3 39.Rb2 Rxf4 40.Re2 Rxd4 41.Rxe3
Rxb4 42.Re2 d4 43.Kg2 Rc4 44.Kf3 Kf6 45.Ke4 Ke6 46.h4 Kd6 47.Kd3
Kd5 48.Re8 Ra4 49.Rd8+ Ke5 50.Re8+ Kf4 51.Rh8 Ke5 52.Rxh7 Ra3+
53.Kc4 d3 54.Kb4 Rxa2 55.Re7+ {?} ( 55.Kc3 ) Kd4 56.Kb3 Rh2 57.Rd7+
Ke3 58.Kc3 Rc2+ 59.Kb3 Rc1 60.Re7+ Kd2 61.h5 Rb1+ 62.Ka2 Rh1
63.Re5 Rh2 64.Kb2 Kd1+ 65.Kc3 d2 66.Ra5 Ke1 67.Re5+ Re2 68.Rg5
Re3+ 69.Kd4 d1Q+ 70.Kxe3 Qd2+ 0-1

[Event "Tri-Cities Open"]
[Site "Richland, WA"]
[Date "2013.11.09"]
[Round "3"]
[White "Erickson Mark  (WA)"]
[Black "Sinanan Joshua  (WA)"]
[Result "0-1"]
[WhiteElo "2147"]
[BlackElo "2256"]
[Annotator ""]
[Source ""]
[Remark ""]

1.d4 Nf6 2.c4 e6 3.Nc3 Bb4 4.Qb3 c5 5.dxc5 Nc6 6.Nf3 O-O 7.Bg5
h6 8.Bxf6 Qxf6 9.e3 a5 10.Rc1 a4 11.Qc2 a3 12.b3 Ba5 13.Kd1 Qe7
14.Bd3 Nb4 15.Qb1 Qxc5 16.Ke2 f5 17.Rhd1 Bd8 18.Rd2 Bf6 19.Ke1
b6 20.Be2 Qc6 21.Kf1 Bb7 22.Ne1 Qc7 23.Bf3 d5 24.Nb5 Qxh2 25.Nd4
Rae8 26.g3 Ba6 27.Nec2 Nxc2 28.Qxc2 Rc8 29.Qd3 dxc4 30.bxc4 Rfd8
31.Qb3 e5 32.Qxb6 Rxc4 33.Qb3 Kh8 34.Rxc4 exd4 35.Bb7 Bxc4+ 36.Qxc4
Qh3+ 37.Ke2 Qg4+ 38.Kf1 Qg5 39.Qe6 f4 40.Be4 fxe3 41.fxe3 Rf8
42.Kg2 Be5 43.g4 Qxe3 44.Qxe5 Qxd2+ 45.Kh3 Qe3+ 46.Kh4 d3 47.Qe7
Qg5+ 48.Qxg5 hxg5+ 49.Kg3 d2 0-1

[Event "Tri-Cities Open"]
[Site "Richland, WA"]
[Date "2013.11.09"]
[Round "3"]
[White "Julian John  (WA)"]
[Black "Hosford Michael  (WA)"]
[Result "1/2-1/2"]
[WhiteElo "2065"]
[BlackElo "1880"]
[Annotator ""]
[Source ""]
[Remark ""]

1.e4 Nc6 2.d3 d6 3.Nf3 e5 4.g3 f5 5.Nbd2 Nf6 6.Bg2 Be7 7.O-O
O-O 8.c3 Kh8 9.Qe2 Qe8 10.a4 fxe4 11.dxe4 Qh5 12.Re1 Bg4 13.Qf1
Nd7 14.Re3 Nc5 15.h3 Bd7 16.b4 Ne6 17.Kh2 Rf6 18.Ba3 Raf8 19.Qh1
Rg6 20.b5 Ncd8 21.Kg1 Ng5 22.Nxe5 dxe5 23.Bxe7 Re8 24.Bxg5 Qxg5
25.Nf3 Qe7 26.Kh2 Qc5 27.Rd1 Be6 28.Rd2 Nf7 29.Nh4 Rf6 30.Qe1
Nd6 31.Bf1 Ref8 32.Ng2 Bc4 33.Bxc4 Nxc4 34.Rd5 Qe7 35.Re2 Qe6
36.f4 c6 37.f5 Rxf5 38.exf5 Qxd5 39.bxc6 Qxc6 40.Ne3 1/2-1/2

[Event "Tri-Cities Open"]
[Site "Richland, WA"]
[Date "2013.11.09"]
[Round "3"]
[White "Mitchell Mika  (WA)"]
[Black "Cherepakhin Olga  (WA)"]
[Result "0-1"]
[WhiteElo "1842"]
[BlackElo "1599"]
[Annotator ""]
[Source ""]
[Remark ""]

1.e4 e5 2.Bc4 Bc5 3.Nf3 Nc6 4.c3 Nf6 5.b4 Bb6 6.d3 d6 7.a4 a5
8.b5 Ne7 9.O-O Bg4 10.h3 Bh5 11.g4 Bg6 12.Kg2 h5 13.g5 Nd7 14.Nh4
Nc5 15.Qf3 Rf8 16.Nf5 Bxf5 17.exf5 g6 18.f6 Nf5 19.Qd5 Qd7 20.d4
c6 21.bxc6 bxc6 22.dxc5 Nh4+ 23.Kg3 Nf5+ 24.Kh2 cxd5 25.Bb5 Bxc5
26.Bxd7+ Kxd7 27.Nd2 d4 28.Ne4 Rfc8 29.Bd2 d5 30.Nxc5+ Rxc5 31.cxd4
Nxd4 32.Be3 Rc4 33.Ra2 Nc2 34.Bd2 Nb4 35.Raa1 d4 36.Rfc1 Rac8
37.Rxc4 Rxc4 38.Kg2 Rc2 39.Bxb4 axb4 40.a5 Kc7 41.a6 Kb8 42.Ra5
Ka7 43.Rxe5 b3 44.Rb5 b2 45.Kf3 Kxa6 46.Rb8 d3 47.Ke3 d2 0-1

[Event "Tri-Cities Open"]
[Site "Richland, WA"]
[Date "2013.11.09"]
[Round "1"]
[White "Shoemaker Donald  (WA)"]
[Black "Allen Robert  (WA)"]
[Result "0-1"]
[WhiteElo "1419"]
[BlackElo "1752"]
[Annotator ""]
[Source ""]
[Remark ""]

1.d3 d5 2.Nf3 Nf6 3.Bg5 e6 4.e3 c6 5.Be2 Nbd7 6.O-O Be7 7.Nc3
O-O 8.a3 a5 9.Qd2 e5 10.Bh4 Re8 11.Bg3 Bd6 12.d4 exd4 13.Bxd6
dxc3 14.Qc1 Ne4 15.Bf4 g5 16.Bg3 Nxg3 17.hxg3 cxb2 18.Qxb2 h6
19.Bd3 Nc5 20.Be2 Ne4 21.Qc1 Qf6 22.Nd4 c5 23.Nf3 Bd7 24.Rb1
Nc3 25.Qd2 Nxb1 26.Rxb1 Bc6 27.Nh2 Qd6 28.Bh5 Re6 29.Bg4 Re7
30.f4 Qc7 31.Nf1 Rae8 32.Re1 Rd7 33.fxg5 hxg5 34.e4 f6 35.Qf2
Qe5 36.Qxc5 dxe4 37.Qb6 Qd4+ 38.Qxd4 Rxd4 39.Ne3 Ra4 40.Nf5 Re5
41.Nd4 Rxd4 42.Re3 f5 43.Be2 Rd2 44.c3 Ra2 45.c4 f4 46.gxf4 gxf4
47.Rc3 Rxe2 48.Kf1 Ra2 49.g3 f3 50.Re3 Rh5 0-1

[Event "Tri-Cities Open"]
[Site "Richland, WA"]
[Date "2013.11.09"]
[Round "2"]
[White "Havrilla Mark  (ID)"]
[Black "Bragg David  (WA)"]
[Result "0-1"]
[WhiteElo "1946"]
[BlackElo "2200"]
[Annotator ""]
[Source ""]
[Remark ""]

1.Nf3 b6 2.d4 Nf6 3.Bg5 Bb7 4.Nbd2 d6 5.e3 Nbd7 6.Bc4 h6 7.Bxf6
gxf6 8.Qe2 f5 9.O-O-O e6 10.Ba6 Bxa6 11.Qxa6 Qc8 12.Qe2 d5 13.Ng1
Bg7 14.f3 O-O 15.Qf2 c5 16.Nh3 b5 17.Nf4 Kh7 18.Nh5 Bh8 19.g4
c4 20.c3 a5 21.gxf5 b4 22.Nb1 exf5 23.Qc2 Nb6 24.Ng3 Rg8 25.Nxf5
b3 26.axb3 cxb3 27.Qd3 Qc4 28.Qxc4 Nxc4 29.Nd2 a4 30.Nxc4 dxc4
31.Nd6 a3 32.bxa3 Rxa3 33.Nxc4 Ra2 34.Kb1 Rgg2 35.Rd3 Bf6 36.f4
Be7 37.Rhd1 Rac2 38.R3d2 Rgxd2 39.Nxd2 Rxc3 40.Kb2 Rd3 41.Kc1
Ba3+ 42.Kb1 f5 43.h3 Bb4 44.Kc1 b2+ 45.Kxb2 Rxd2+ 46.Kc1 Rh2
47.d5 Ba3+ 48.Kb1 Rb2+ 49.Ka1 Rb6 50.Rb1 Rxb1+ 51.Kxb1 Bc5 52.e4
fxe4 53.Kc2 Kg7 54.Kd2 Kf6 0-1